Měsíční tygr /

Román, ve kterém hlavní hrdinka rekapituluje svůj život, prožitý během bouřlivého 20. století.

Hlavní autor: Lively, Penelope, 1933-
Další autoři: Freiová, Zora, 1971-
Jazyk: Čeština
Vydáno: Brno : Host, 2019
Vydání: První vydání
Témata:
Fyzický popis: 255 stran ; 21 cm
Knihy
Uloženo v:
LEADER 02211nam a2200421 i 4500
001 nkc20193121950
003 CZ PrNK
005 20191024104645.0
007 ta
008 190904s2019 xr g 000 f cze
015 |a cnb003121950 
020 |a 978-80-7577-789-8  |q (vázáno) 
035 |a (OCoLC)1127269456 
040 |a ABG001  |b cze  |e rda 
041 1 |a cze  |h eng 
072 7 |a 821.111-3  |x Anglická próza, anglicky psaná  |2 Konspekt  |9 25 
080 |a 821.111-31  |2 MRF 
080 |a (0:82-31)  |2 MRF 
100 1 |a Lively, Penelope,  |d 1933-  |7 jn19990005138  |4 aut 
240 1 0 |a Moon tiger.  |l Česky 
245 1 0 |a Měsíční tygr /  |c Penelope Lively ; z anglického originálu Moon tiger ... přeložila Zora Freiová 
250 |a První vydání 
264 1 |a Brno :  |b Host,  |c 2019 
300 |a 255 stran ;  |c 21 cm 
336 |a text  |b txt  |2 rdacontent 
337 |a bez média  |b n  |2 rdamedia 
338 |a svazek  |b nc  |2 rdacarrier 
520 2 |a Román, ve kterém hlavní hrdinka rekapituluje svůj život, prožitý během bouřlivého 20. století.  |b Claudia Hamptonová píše na pozadí velkých a bouřlivých dějin světa dějiny svého pohnutého života. Bez chronologie, ve střípcích vzpomínek, skládá mozaiku událostí a vztahů. Věčné soupeření s milovaným bratrem Gordonem, bohémský milenec a otec jejího dítěte Jasper, opravdová životní láska Tom, kterého záhy ztrácí, věčné pochybnosti o schopnosti milovat a být dobrou matkou. Jízlivá, cynická, sobecká, inteligetní a okouzlující žena, na jejímž příběhu si uvědomujeme osudové propojení individuální a společenské historie. Román byl napsán v roce 1987 a ve stejném roce obdržel Bookerovu cenu. 
655 7 |a anglické romány  |7 fd131814  |2 czenas 
655 9 |a English fiction  |2 eczenas 
700 1 |a Freiová, Zora,  |d 1971-  |7 mzk2005312892  |4 trl 
910 2 |a BOA001  |b 2-1433.730 
920 |a 4495456  |z ABG001 
990 |a BK 
995 |a 01 
991 |b 201910  |c NOV 
996 6 |b 2610799085  |c 2-1433.730  |l MZK  |r Sklad / do 1 hodiny  |n 0  |p p.v.  |w 001759346  |u 000010  |a 1  |e BOA001  |j MZK50  |s P 
996 7 |b 2610799086  |c 2-1433.730  |l MZK  |r Sklad / do 1 hodiny  |n 11  |p p.v.  |w 001759346  |u 000020  |a 1  |e BOA001  |j MZK50  |s A